000 00220nam a22000857a 4500
008 170303b xxu||||| |||| 00| 0 eng d
100 _93023
_aChesney,D.Noreen,et al
245 _aRadiography imaging
260 _aDelhi
_bCBS
_c2004
999 _c6266
_d6266